00294nam a2200121Ia 4500008004100000041000800041082001200049100001600061245002500077260003700102300002600139365000700165240624s9999 xx 000 0 und d aeng a657 TUL aTULSIAN P C aFINANCIAL ACCOUNTING c2000aNew DelhibTata McGrawhill axii, : 640 : cm. ; 23 cRS